MARC

LEADER 00000nam2a2200000 4500
001 670046
005 20260202172259.0
090 |a 670046 
100 |a 20231213d1962 km|y0rusy50 ca 
101 0 |a rus 
102 |a RU 
105 |a c z 000yy 
181 0 |a i   |b  e  
182 0 |a n 
183 0 |a nc  |2 RDAcarrier 
200 0 |a Вып. 1 : 1857-1858. Лондон 
203 |a Текст  |b визуальный  |c непосредственный 
210 |d 1962 
215 |a XXIII, 258 с., [1] л. портр. 
283 |a volume  |2 RDAcarrier 
300 |a Текст в русской дореформенной орфографии 
461 1 |0 670855  |9 670855  |a Академия наук СССР, Институт истории  |c Москва  |d 1962-1964  |n Изд-во Академии наук СССР  |o [в 11 вып.]  |t "Колокол" газета А. И. Герцена и Н. П. Огарева. Вольная русская типография. 1857-1867. Лондон - Женева  |e Факс. изд.  |v Вып. 1 : 1857-1858. Лондон 
600 1 |a Герцен  |b А. И.  |c российский революционер  |c писатель  |c философ  |f 1812-1870  |g Александр Иванович  |9 142 
600 1 |a Огарев  |b Н. П.  |c русский поэт  |c революционер  |c публицист  |f 1813-1877  |g Николай Платонович  |9 3051 
606 |a Революционно-демократическая печать, русская  |x История  |z 1855-1885  |9 81966 
610 1 |a Россия 
610 1 |a 19 век 
610 1 |a революционные газеты 
610 1 |a публикации 
610 1 |a Колокол 
610 1 |a общественно-политическая деятельность 
686 |2 rubbk  |a Т3(2)522 
801 0 |a RU  |b 63413507  |c 20231213 
942 |c BK